|
|
|
|
| LEADER |
00000cam a22000002c 4500 |
| 001 |
483870587 |
| 003 |
DE-627 |
| 005 |
20240909114902.0 |
| 007 |
tu |
| 008 |
050418s1985 gr ||||| c 00| ||eng c |
| 035 |
|
|
|a (DE-627)483870587
|
| 035 |
|
|
|a (DE-576)9483870585
|
| 035 |
|
|
|a (DE-599)GBV483870587
|
| 035 |
|
|
|a (OCoLC)835437262
|
| 040 |
|
|
|a DE-627
|b ger
|c DE-627
|e rakwb
|
| 041 |
|
|
|a eng
|a grc
|
| 044 |
|
|
|c XA-GR
|
| 084 |
|
|
|a 08.23
|2 bkl
|
| 245 |
0 |
0 |
|a Erasmus
|b his life and work : e zoe kai to ergo tou = Erasmos
|
| 246 |
3 |
1 |
|a Erasmos
|
| 250 |
|
|
|a 1e dr
|
| 264 |
|
1 |
|a [Athene]
|b Benaki museum
|c cop. 1985
|
| 300 |
|
|
|a [29] p
|b ill
|c 21 cm
|
| 336 |
|
|
|a Text
|b txt
|2 rdacontent
|
| 337 |
|
|
|a ohne Hilfsmittel zu benutzen
|b n
|2 rdamedia
|
| 338 |
|
|
|a Band
|b nc
|2 rdacarrier
|
| 500 |
|
|
|a Tentoonstelling t.g.v. de uitreiking van de Olympia-prijs 1985 aan de Koninklijke Nederlandse Academie van Wetenschappen
|
| 505 |
8 |
|
|a Literaturverz. S. [8] - [15]
|
| 546 |
|
|
|a Tekst in Engels en Grieks. Selectieve Erasmus-bibliografie in het Grieks en Latijn
|
| 601 |
|
|
|a Erasmus +
|
| 655 |
|
7 |
|a Ausstellungskatalog
|0 (DE-588)4135467-9
|0 (DE-627)10566491X
|0 (DE-576)209660988
|2 gnd-content
|
| 710 |
2 |
|
|a Alexander S. Onassis Public Benefit Foundation
|4 oth
|
| 730 |
4 |
2 |
|a <10>Erasmos : e zoe kai to ergo tou
|
| 935 |
|
|
|a JALB
|a mteo
|
| 936 |
b |
k |
|a 08.23
|j Philosophie der Renaissance
|0 (DE-627)106403680
|
| 951 |
|
|
|a BO
|
| ELC |
|
|
|b 1
|
| LOK |
|
|
|0 000 xxxxxcx a22 zn 4500
|
| LOK |
|
|
|0 001 4578018679
|
| LOK |
|
|
|0 003 DE-627
|
| LOK |
|
|
|0 004 483870587
|
| LOK |
|
|
|0 005 20240909112909
|
| LOK |
|
|
|0 008 240909||||||||||||||||ger|||||||
|
| LOK |
|
|
|0 040
|a DE-Tue135
|c DE-627
|d DE-Tue135
|
| LOK |
|
|
|0 092
|o n
|
| LOK |
|
|
|0 852
|a DE-Tue135
|
| LOK |
|
|
|0 852 1
|9 00
|
| LOK |
|
|
|0 866
|x SPQUE#Johannes a Lasco Bibliothek
|
| LOK |
|
|
|0 935
|a JALB
|
| LOK |
|
|
|0 939
|a 09-09-24
|b l01
|
| ORI |
|
|
|a SA-MARC-ixtheoa001.raw
|